| 000 | 00404 a2200169 4500 | ||
|---|---|---|---|
| 001 | 188039 | ||
| 020 | _a85-02-03709-9 | ||
| 040 | _cMagnum | ||
| 100 | _aMartinelli, Tânia Alexandre | ||
| 240 | 1 | 0 |
_aCom coração do outro lado do mundo _lpor |
| 245 | 1 | 0 | _aCom coração do outro lado do mundo |
| 300 | _a126 | ||
| 362 | 0 | _a2002 | |
| 440 | 1 | _aSaraiva | |
| 697 | _aLITERATURA JUVENIL | ||
| 942 | _cBK | ||
| 999 |
_c188039 _d188039 |
||